| 000 | 00748nam a22002177a 4500 | ||
|---|---|---|---|
| 999 |
_c11787 _d11787 |
||
| 003 | AR-CdUCM | ||
| 008 | 190405b ||||| |||| 00| 0 spa d | ||
| 040 |
_aMUNICIPALIDAD PROVINCIAL DEL CUSCO _cBIBLIOTECA MUNICIPAL DEL CUSCO |
||
| 082 |
_23ed _a373.22 / _bS17 / 1933 |
||
| 100 |
_aSains, Fernando _929332 |
||
| 245 | _aEl método de proyectos / | ||
| 260 |
_aMadrid : _bRevista de pedagogía, _c1933. |
||
| 300 |
_a109 páginas ; _c18 cm. |
||
| 440 |
_aLa nueva educación _nIII _929333 |
||
| 505 | _aContenido: Metodología para hacer un proyecto de investigación. | ||
| 650 |
_aProyectos de investigación _929334 |
||
| 650 |
_aMetodología _92264 |
||
| 650 |
_aCiencias sociales _91096 |
||
| 942 |
_2ddc _cLIBROS |
||
| 945 |
_adavv _d05/04/2019 |
||